Derecho internacional marítimo.

Uloženo v:
Podrobná bibliografie
Hlavní autor: Colombos, John C. (autor)
Další autoři: Azcárraga, José Luis de (traducción del inglés, prólogo)
Médium: Kniha
Jazyk:angličtina
Vydáno: Madrid, España: Aguilar, 1961.
Edice:Biblioteca Jurídica Aguilar.
Témata:
Tagy: Přidat tag
Žádné tagy, Buďte první, kdo vytvoří štítek k tomuto záznamu!

MARC

LEADER 00000nam a22000007a 4500
003 CL-VaPUC
005 20241010161237.0
008 241004t1961 ||||| |||| 00| 0 eng d
999 |c 444992  |d 444990 
040 |c Pontificia Universidad Católica de Valparaíso 
082 |2 22  |a 343.096 COL 1961 
100 |9 892038  |a Colombos, John C.  |e autor 
245 |a Derecho internacional marítimo. 
260 |a Madrid, España:  |b Aguilar,  |c 1961. 
300 |a XXIV, 640 páginas. 
490 |a Biblioteca Jurídica Aguilar. 
500 |a c.1: Donación. Biblioteca de Derecho. Memo DER N° 042. 03-10-2024 
583 |c 20241004  |k Yessy Sthefany Diaz Vidal 
650 0 |9 255301  |a Derecho marítimo  |x Relaciones internacionales 
650 0 |9 381632  |a Guerra marítima  |x Derecho internacional 
650 0 |9 257927  |a Derecho del mar  |v Fuentes e historia 
700 |9 892039  |a Azcárraga, José Luis de  |e traducción del inglés  |e prólogo 
942 |2 ddc  |c BK 
952 |0 0  |1 0  |2 ddc  |4 0  |6 343_096000000000000_COL_1961  |7 0  |8 A  |9 597210  |a BIBDER  |b BIBDER  |d 2024-10-04  |e Donación  |i 5662985  |o 343.096 COL 1961  |p 5662985  |r 2024-10-04  |t 1  |w 2024-10-04  |y BK  |k DER